[Event "Ch Amst"]
[Site "Ch Netherlands, Amst"]
[Date "1995.??.??"]
[Round "?"]
[White "Van der Sterren, Paul"]
[Black "Riemersma, Liafbern"]
[Result "1/2-1/2"]
[WhiteElo "2560"]
[BlackElo "2430"]
[PlyCount "58"]
[EventDate "1995.??.??"]
[Source "www.chesslib.no"]
[SourceDate "2004.05.04"]

1. d4 Nf6 2. c4 c5 3. d5 b5 4. cxb5 a6 5. bxa6 g6 6. Nc3 Bxa6 7. e4 Bxf1 8. Kxf1 d6 9. g3 Bg7 10. Kg2 Nbd7 11. Nf3 O-O 12. Re1 Ra6 13. Qc2 Qa8 14. b3 e6 15. dxe6 fxe6 16. Rb1 d5 17. a4 Ng4 18. Nd1 c4 19. bxc4 Rxa4 20. Ne5 Rd8 21. Nc6 Rxc4 22. Be3 Re8 23. Nc3 Qa7 24. Nxd5 Rb4 25. Qb3 Rxe4 26. Qb4 Rxe3 27. Qxg4 Re4 28. Nxa7 Nb8 29. Rb4 h5 1/2-1/2

[Event "Barcelona Open 9394"]
[Site "Barcelona ESP"]
[Date "1993.??.??"]
[Round "9"]
[White "Marin, Mihail"]
[Black "Komljenovic, Davor"]
[Result "1/2-1/2"]
[WhiteElo "2515"]
[BlackElo "2475"]
[PlyCount "31"]
[EventDate "1993.??.??"]
[Source "www.chesslib.no"]
[SourceDate "2004.05.04"]

1. d4 Nf6 2. c4 c5 3. d5 b5 4. cxb5 a6 5. bxa6 Bxa6 6. Nc3 d6 7. e4 Bxf1 8. Kxf1 g6 9. g3 Bg7 10. Kg2 O-O 11. Nf3 Nbd7 12. h3 Nb6 13. Re1 Qd7 14. a4 Rfb8 15. Qc2 Ne8 16. b3 1/2-1/2

[Event "Camp. spagnolo ko"]
[Site "Ceuta SPA"]
[Date "2008.09.28"]
[Round "1.2"]
[White "San Segundo Carrillo, P."]
[Black "Carrasco Martinez, J."]
[Result "1-0"]
[WhiteElo "2560"]
[BlackElo "2425"]
[PlyCount "81"]
[EventDate "2008.09.27"]
[Source "www.chesslib.no"]
[SourceDate "2004.05.04"]

1. d4 Nf6 2. c4 c5 3. d5 b5 4. cxb5 a6 5. bxa6 g6 6. Nc3 Bxa6 7. e4 Bxf1 8. Kxf1 d6 9. g3 Bg7 10. Kg2 Nbd7 11. Nf3 O-O 12. Re1 Ra6 13. Qc2 Qa8 14. a4 e6 15. dxe6 fxe6 16. Nb5 Qc6 17. Ng5 Re8 18. f3 h6 19. Nh3 g5 20. Nf2 Ne5 21. Ra3 g4 22. fxg4 Nfxg4 23. Nxg4 Nxg4 24. Bf4 Ne5 25. Qe2 Raa8 26. Qh5 Rf8 27. Bxe5 dxe5 28. Qe2 Rfd8 29. Qc4 Rd2+ 30. Re2 Rad8 31. Rae3 Bf8 32. Rxd2 Rxd2+ 33. Re2 Rd1 34. Rf2 Re1 35. Nc3 Be7 36. Rf1 Rxf1 37. Kxf1 Qb6 38. Qb5 Qd8 39. a5 c4 40. Qxc4 Qxa5 41. Qxe6+ 1-0

[Event "Belfort"]
[Site "Belfort"]
[Date "1995.??.??"]
[Round "7"]
[White "Marin, Mihail"]
[Black "Hauchard, Arnaud"]
[Result "1/2-1/2"]
[WhiteElo "2540"]
[BlackElo "2445"]
[PlyCount "58"]
[EventDate "1995.01.??"]
[Source "www.chesslib.no"]
[SourceDate "2004.05.04"]

1. d4 Nf6 2. c4 c5 3. d5 b5 4. cxb5 a6 5. bxa6 g6 6. Nc3 Bxa6 7. e4 Bxf1 8. Kxf1 d6 9. g3 Bg7 10. Kg2 O-O 11. Nf3 Qb6 12. Re1 Nbd7 13. h3 Ne8 14. Re2 Nc7 15. Bf4 Rfb8 16. Rc1 Qa6 17. Rcc2 Rb4 18. e5 dxe5 19. Nxe5 Rd4 20. Rcd2 Qb7 21. Rxd4 cxd4 22. Qxd4 g5 23. Qd3 gxf4 24. Nxd7 Bxc3 25. Nc5 Qxd5+ 26. Qxd5 Nxd5 27. bxc3 fxg3 28. fxg3 Rc8 29. c4 Rxc5 1/2-1/2

[Event "Avesta"]
[Site "?"]
[Date "1993.??.??"]
[Round "?"]
[White "Wessman, R."]
[Black "Ernst, Th"]
[Result "1/2-1/2"]
[WhiteElo "2435"]
[BlackElo "2540"]
[PlyCount "61"]
[EventDate "1993.??.??"]
[Source "ChessBase"]
[SourceDate "1993.02.01"]

1. d4 Nf6 2. c4 c5 3. d5 b5 4. cxb5 a6 5. bxa6 Bxa6 6. Nc3 g6 7. e4 Bxf1 8. Kxf1 d6 9. g3 Bg7 10. Kg2 O-O 11. Nf3 Nbd7 12. h3 Nb6 13. Re1 Qd7 14. a4 Rfb8 15. Ra2 Ne8 16. e5 Nc7 17. Bf4 Na6 18. b3 Nb4 19. Rae2 Qb7 20. Nb5 dxe5 21. Bxe5 Bxe5 22. Nxe5 N6xd5 23. Kh2 Rd8 24. Rd2 e6 25. Qf3 Qe7 26. Red1 Rac8 27. h4 h5 28. Nc3 Kg7 29. Ne4 Rf8 30. Rc1 Rc7 31. Nd3 1/2-1/2

[Event "Malmo SWE"]
[Site "?"]
[Date "1996.??.??"]
[Round "1"]
[White "Bator Robert"]
[Black "Cramling Pia"]
[Result "1/2-1/2"]
[WhiteElo "2435"]
[BlackElo "2520"]
[PlyCount "50"]
[EventDate "1996.??.??"]
[Source "www.chesslib.no"]
[SourceDate "2004.05.04"]

1. d4 Nf6 2. c4 c5 3. d5 b5 4. cxb5 a6 5. bxa6 g6 6. Nc3 Bxa6 7. e4 Bxf1 8. Kxf1 d6 9. g3 Bg7 10. Kg2 O-O 11. Nf3 Nbd7 12. Re1 Ra6 13. a4 Qb8 14. Bd2 Ne8 15. Qc2 Nc7 16. a5 Ra7 17. Nd1 Na6 18. Qc3 Qxb2 19. Rc1 e5 20. Rb1 Rd8 21. Qxc5 Nb4 22. Rxb2 Na2 23. Rc2 dxc5 24. Rc4 Rb7 25. Ra4 Ra7 1/2-1/2

[Event "9th HIT Open"]
[Site "Nova Gorica"]
[Date "2004.02.02"]
[Round "5"]
[White "Gyimesi, Zoltan"]
[Black "Stamenkov, Vanco"]
[Result "1-0"]
[WhiteElo "2553"]
[BlackElo "2400"]
[PlyCount "115"]
[EventDate "2004.01.30"]
[Source "Roberto Alvarez"]
[SourceDate "2004.02.09"]

1. d4 Nf6 2. c4 c5 3. d5 b5 4. cxb5 a6 5. bxa6 g6 6. Nc3 Bxa6 7. e4 Bxf1 8. Kxf1 d6 9. g3 Bg7 10. Kg2 O-O 11. Nf3 Nbd7 12. Re1 Ra6 13. Qc2 Qa8 14. a4 Rb8 15. b3 e6 16. dxe6 fxe6 17. Bb2 Rf8 18. Nb5 Qb7 19. Rad1 d5 20. exd5 exd5 21. Re7 d4 22. Qc4+ Kh8 23. Rd3 Ng4 24. Rxg7 Kxg7 25. Nbxd4 Nde5 26. Ne6+ Kg8 27. Bxe5 Nxe5 28. Nxc5+ Nxc4 29. Nxb7 Rb6 30. Nc5 Nb2 31. Rd2 Rc8 32. Ne5 Rxc5 33. Nd7 Rxb3 34. Nxc5 Rb8 35. Rd7 Ra8 36. Rd4 Rc8 37. Rb4 Nd1 38. Ne4 Rc2 39. Rb8+ Kf7 40. Rb7+ Ke6 41. Rxh7 Ra2 42. Rb7 Kf5 43. Rb4 Ne3+ 44. Kf3 Nd5 45. Rb3 Rxa4 46. Nc3 Rb4 47. Rxb4 Nxb4 48. h4 Nc6 49. g4+ Ke5 50. Ke3 Ke6 51. f4 Ne7 52. Ke4 Nc8 53. Nb5 Ne7 54. Nd4+ Kf6 55. g5+ Kf7 56. f5 Nc8 57. f6 Nb6 58. Nf3 1-0

[Event "Stary Smokovec"]
[Site "Stary Smokovec"]
[Date "1996.??.??"]
[Round "?"]
[White "Timoscenko, Genadij"]
[Black "Tibensky, Robert"]
[Result "1/2-1/2"]
[WhiteElo "2510"]
[BlackElo "2440"]
[PlyCount "36"]
[EventDate "1996.??.??"]
[Source "www.chesslib.no"]
[SourceDate "2004.05.04"]

1. d4 Nf6 2. c4 c5 3. d5 b5 4. cxb5 a6 5. bxa6 Bxa6 6. Nc3 d6 7. e4 Bxf1 8. Kxf1 g6 9. g3 Bg7 10. Kg2 O-O 11. Nf3 Nbd7 12. h3 Ra7 13. Re1 Qa8 14. Bf4 Rb8 15. Qc2 Nh5 16. Bg5 Ne5 17. Nxe5 Bxe5 18. Bd2 Bg7 1/2-1/2

[Event "Kemerovo1"]
[Site "Kemerovo"]
[Date "1995.??.??"]
[Round "8"]
[White "Iskusnyh, Sergei"]
[Black "Sagalchik, Gennadij"]
[Result "1/2-1/2"]
[WhiteElo "2430"]
[BlackElo "2515"]
[PlyCount "123"]
[EventDate "1995.08.??"]
[Source "ChessBase"]

1. d4 Nf6 2. c4 c5 3. d5 b5 4. cxb5 a6 5. bxa6 Bxa6 6. Nc3 g6 7. e4 Bxf1 8. Kxf1 d6 9. g3 Bg7 10. Kg2 O-O 11. Nf3 Nbd7 12. Re1 Ng4 13. Nd2 Nge5 14. Qe2 Nb6 15. f4 Ned7 16. a4 Qc8 17. a5 Qa6 18. Ra3 Qxe2+ 19. Rxe2 Rfb8 20. e5 Nc8 21. exd6 exd6 22. Re8+ Bf8 23. Nc4 f5 24. Rd8 Ra7 25. a6 Kf7 26. Rxc8 Rxc8 27. Nb5 Rca8 28. Nxa7 Rxa7 29. Bd2 Nb8 30. Ba5 Nxa6 31. Bb6 Ra8 32. Kf3 Ke7 33. Re3+ Kf7 34. Re6 Nb4 35. Nxd6+ Kg8 36. Bxc5 Nxd5 37. Re5 Nf6 38. Ba3 Ne4 39. Nxe4 fxe4+ 40. Kg4 Bxa3 41. bxa3 Rxa3 42. Rxe4 h6 43. Re7 Ra2 44. h4 Kf8 45. Rh7 Kg8 46. Re7 Kf8 47. Re5 Kg7 48. h5 gxh5+ 49. Kxh5 Ra3 50. Kg4 Kf6 51. Rb5 Rc3 52. Rb6+ Kg7 53. f5 Rc5 54. Rg6+ Kh7 55. Rd6 Kg7 56. Kf4 Ra5 57. Ke4 Ra1 58. Kd5 Rd1+ 59. Ke6 Rxd6+ 60. Kxd6 Kf6 61. g4 h5 62. gxh5 1/2-1/2

[Event "2nd IECC, Ohrid MKD"]
[Site "?"]
[Date "2001.??.??"]
[Round "9"]
[White "Arlandi, E."]
[Black "Mikhalevski, V."]
[Result "1/2-1/2"]
[WhiteElo "2420"]
[BlackElo "2520"]
[PlyCount "140"]
[EventDate "2001.??.??"]
[Source "www.chesslib.no"]
[SourceDate "2004.05.04"]

1. d4 Nf6 2. c4 c5 3. d5 b5 4. cxb5 a6 5. bxa6 g6 6. Nc3 Bxa6 7. e4 Bxf1 8. Kxf1 d6 9. g3 Bg7 10. Kg2 Nbd7 11. Nf3 O-O 12. Re1 Ra6 13. h3 Qa8 14. Qc2 e6 15. dxe6 fxe6 16. Nb5 Qb7 17. a4 h6 18. Ra3 g5 19. Nxd6 Rxd6 20. e5 Rd5 21. exf6 Rxf6 22. Qe4 Qb4 23. Rae3 c4 24. Rc3 Rdf5 25. g4 Rc5 26. Rd1 Nf8 27. Rd4 Qxa4 28. Rdxc4 Rxc4 29. Rxc4 Qb5 30. Rc8 Qd5 31. Qxd5 exd5 32. Be3 Rf7 33. b4 Rb7 34. Bc5 Kf7 35. Nd4 Bxd4 36. Rxf8+ Kg7 37. Rd8 Bc3 38. Bf8+ Kh7 39. Rd6 Bg7 40. Bxg7 Kxg7 41. Rxd5 Rxb4 42. Rd7+ Kg6 43. Rd6+ Kg7 44. Kg3 Rb3+ 45. f3 Ra3 46. Rb6 Rc3 47. Rb5 Kg6 48. Ra5 Rb3 49. Ra8 Kg7 50. Re8 Ra3 51. Re6 Rb3 52. Kf2 Rc3 53. Re3 Rc1 54. Rb3 Rh1 55. Kg2 Ra1 56. Kh2 Kg6 57. Rb6+ Kg7 58. Rb5 Kg6 59. Rb6+ Kg7 60. Rb2 Kg6 61. Kg3 Rg1+ 62. Kf2 Rh1 63. Kg2 Ra1 64. Rc2 Rb1 65. Rc6+ Kg7 66. h4 gxh4 67. Rc5 Kg6 68. Rh5 Rb2+ 69. Kh3 Rf2 70. Rf5 h5 1/2-1/2

[Event "2nd IECC, Ohrid MKD"]
[Site "?"]
[Date "2001.??.??"]
[Round "2"]
[White "Gyimesi, Z."]
[Black "Weiss, C."]
[Result "1-0"]
[WhiteElo "2570"]
[BlackElo "2365"]
[PlyCount "145"]
[EventDate "2001.??.??"]
[Source "www.chesslib.no"]
[SourceDate "2004.05.04"]

1. d4 Nf6 2. c4 c5 3. d5 b5 4. cxb5 a6 5. bxa6 g6 6. Nc3 Bxa6 7. e4 Bxf1 8. Kxf1 d6 9. g3 Bg7 10. Kg2 O-O 11. Nf3 Qa5 12. Re1 Ng4 13. Bg5 Ra7 14. Qd2 Rb7 15. Rac1 Na6 16. Re2 Rfb8 17. b3 Nb4 18. Na4 Qb5 19. Bf4 Nd3 20. Rc4 Nxf4+ 21. Qxf4 Ne5 22. Nxe5 Bxe5 23. Qf3 Rf8 24. Qd3 Qa5 25. Nc3 Qa8 26. Nd1 e6 27. Ne3 Ra7 28. Rcc2 Bd4 29. Nc4 exd5 30. Nb6 dxe4 31. Qxe4 Qxe4+ 32. Rxe4 Rb8 33. Nd5 Kf8 34. f4 Re8 35. Kf3 f5 36. Rxe8+ Kxe8 37. Ke2 c4 38. bxc4 Kd7 39. Rd2 Bc5 40. Rb2 Bd4 41. Rd2 Bc5 42. Rb2 Bd4 43. Rb1 Bg7 44. a4 Bd4 45. Kd3 Bc5 46. Ra1 Kc6 47. a5 h5 48. a6 Rh7 49. Re1 Ra7 50. Re7 Rd7 51. h4 Rxe7 52. Nxe7+ Kb6 53. Ke2 d5 54. Nxd5+ Kxa6 55. Nf6 Kb7 56. Nd7 Bd4 57. Nf8 Kc6 58. Nxg6 Kd6 59. Nf8 Kc5 60. Ng6 Kd6 61. Kf3 Bc5 62. Ne5 Bd4 63. Nd3 Bg1 64. Nb4 Kc5 65. Nd5 Kd6 66. Nf6 Bd4 67. Nxh5 Kc5 68. g4 fxg4+ 69. Kxg4 Kxc4 70. Kg5 Kd5 71. f5 Be3+ 72. Kg6 Bf2 73. Nf6+ 1-0

[Event "Rovno"]
[Site "Rovno"]
[Date "2000.??.??"]
[Round "11"]
[White "Gutman, Gennadi"]
[Black "Rakhmangulov, Andrei"]
[Result "1/2-1/2"]
[WhiteElo "2499"]
[BlackElo "2435"]
[PlyCount "25"]
[EventDate "2000.01.20"]
[Source "ChessBase"]
[SourceDate "2000.05.31"]

1. d4 Nf6 2. c4 c5 3. d5 b5 4. cxb5 a6 5. bxa6 g6 6. Nc3 Bxa6 7. e4 Bxf1 8. Kxf1 d6 9. g3 Bg7 10. Kg2 O-O 11. h3 Qa5 12. Nf3 Re8 13. Re1 1/2-1/2

[Event "Petrov mem"]
[Site "St. Petersburg"]
[Date "1998.??.??"]
[Round "4"]
[White "Rustemov, Alexander"]
[Black "Gladischev, Oleg"]
[Result "1-0"]
[WhiteElo "2575"]
[BlackElo "2355"]
[PlyCount "69"]
[EventDate "1998.??.??"]
[Source "www.chesslib.no"]
[SourceDate "2004.05.04"]

1. d4 Nf6 2. c4 c5 3. d5 b5 4. cxb5 a6 5. bxa6 Bxa6 6. Nc3 d6 7. e4 Bxf1 8. Kxf1 g6 9. g3 Bg7 10. Kg2 O-O 11. Nf3 Nbd7 12. Re1 Ng4 13. Nd2 Nge5 14. Qe2 Nb6 15. f4 Ned7 16. a4 Ra7 17. a5 Na8 18. Nc4 Nc7 19. Bd2 Qa8 20. Qf3 Rb8 21. Ra4 Nb5 22. Nxb5 Rxb5 23. Bc3 Nb6 24. Nxb6 Rxb6 25. e5 Rb3 26. Re2 dxe5 27. fxe5 Rd7 28. Rf4 Qxd5 29. Rxf7 Bf6 30. Qxd5 Rxd5 31. exf6 Kxf7 32. Rxe7+ Kf8 33. Rxh7 g5 34. a6 Kg8 35. f7+ 1-0

[Event "Soviet Union"]
[Site "Soviet Union"]
[Date "1972.??.??"]
[Round "?"]
[White "Bagirov, Vladimir K"]
[Black "Zilberman, Nathan R"]
[Result "1/2-1/2"]
[WhiteElo "2515"]
[BlackElo "2400"]
[PlyCount "114"]
[EventDate "1972.??.??"]
[Source "www.chesslib.no"]
[SourceDate "2004.05.04"]

1. d4 Nf6 2. c4 c5 3. d5 b5 4. cxb5 a6 5. bxa6 Bxa6 6. Nc3 d6 7. e4 Bxf1 8. Kxf1 g6 9. g3 Bg7 10. Kg2 O-O 11. Nf3 Nbd7 12. Re1 Ng4 13. Re2 Qa5 14. Bg5 Rfe8 15. Rc1 Ra7 16. Rcc2 Nb6 17. h3 Ne5 18. Nxe5 Bxe5 19. Qd3 Qb4 20. Bd2 Rb7 21. b3 c4 22. bxc4 Qxc4 23. Qxc4 Nxc4 24. Bc1 Ra8 25. Nd1 Na3 26. Bxa3 Rxa3 27. Ne3 Ra4 28. Rc4 Rba7 29. Rxa4 Rxa4 30. Kf3 Kg7 31. Rc2 h5 32. Nc4 Bd4 33. Ke2 Rb4 34. h4 f5 35. Kd3 Bc5 36. exf5 gxf5 37. Ke2 Rb1 38. Ne3 Bxe3 39. Kxe3 Rd1 40. Rd2 f4+ 41. Ke2 Ra1 42. Kf3 fxg3 43. fxg3 Kf6 44. Ke4 e6 45. dxe6 Kxe6 46. Kf4 d5 47. Kg5 Rg1 48. Kf4 Rf1+ 49. Ke3 Ke5 50. Rd3 Re1+ 51. Kf2 Ra1 52. Ra3 Ke4 53. Ra8 d4 54. Ke2 Rg1 55. Re8+ Kd5 56. Rd8+ Ke4 57. Re8+ Kd5 1/2-1/2

[Event "Baku"]
[Site "Baku"]
[Date "1988.??.??"]
[Round "?"]
[White "Dumitrache, Dragos"]
[Black "Palatnik, Semon"]
[Result "1/2-1/2"]
[WhiteElo "2405"]
[BlackElo "2500"]
[PlyCount "126"]
[EventDate "1988.10.??"]
[Source "ChessBase"]

1. d4 Nf6 2. c4 c5 3. d5 b5 4. cxb5 a6 5. bxa6 g6 6. Nc3 Bxa6 7. e4 Bxf1 8. Kxf1 d6 9. g3 Bg7 10. Kg2 O-O 11. Nf3 Nbd7 12. Re1 Ra7 13. Qc2 Qa8 14. Re2 Rb8 15. h3 Ne8 16. Bg5 h6 17. Be3 Nc7 18. Qd2 Rab7 19. Qc1 Kh7 20. a4 Qa7 21. Rc2 Rb4 22. Kh2 Qa8 23. Ra3 Qb7 24. Nd2 Rxb2 25. Rxb2 Qxb2 26. Qxb2 Rxb2 27. Kg2 f5 28. Nd1 Rb4 29. f3 Na6 30. Kf1 fxe4 31. fxe4 Nf6 32. Nf2 c4 33. Nd1 Nd7 34. Ke2 g5 35. a5 Kg6 36. Nc3 Ndc5 37. Bxc5 Nxc5 38. Ke3 Nb3 39. Na2 Bb2 40. Nxb4 Bxa3 41. Nc6 Nxa5 42. Nxa5 c3 43. Ndb3 c2 44. Nc6 c1=Q+ 45. Nxc1 Bxc1+ 46. Kf3 Kf6 47. Kg4 Be3 48. Kh5 e6 49. g4 exd5 50. exd5 Kg7 51. Ne7 Bf4 52. Nf5+ Kf6 53. Kxh6 Ke5 54. Ne7 Bd2 55. Kg6 Kf4 56. Kf6 Kg3 57. Kf5 Kxh3 58. Nc6 Kh4 59. Nd4 Kg3 60. Nb5 Bf4 61. Nxd6 Bxd6 62. Kxg5 Be7+ 63. Kf5 Kh4 1/2-1/2

[Event "UKR-ch"]
[Site "?"]
[Date "2000.??.??"]
[Round "9"]
[White "Fish Gannadij"]
[Black "Krivoshey Sergei"]
[Result "1/2-1/2"]
[WhiteElo "2471"]
[BlackElo "2434"]
[PlyCount "86"]
[EventDate "2000.??.??"]
[Source "www.chesslib.no"]
[SourceDate "2004.05.04"]

1. d4 Nf6 2. c4 c5 3. d5 b5 4. cxb5 a6 5. bxa6 g6 6. Nc3 Bxa6 7. e4 Bxf1 8. Kxf1 d6 9. g3 Bg7 10. Kg2 O-O 11. Nf3 Nbd7 12. h3 Ra6 13. Re1 Qa8 14. Qc2 e6 15. Bf4 exd5 16. exd5 Nxd5 17. Nxd5 Qxd5 18. Rad1 Qxa2 19. Rxd6 Rxd6 20. Bxd6 Rc8 21. Re7 Nf8 22. Qe4 Qa8 23. Qxa8 Rxa8 24. Rb7 Ne6 25. Ne5 f6 26. Nc4 Rc8 27. Re7 Nd4 28. Rd7 f5 29. Nb6 Re8 30. Bxc5 Nb3 31. Be7 Bxb2 32. Nd5 Rb8 33. Bf6 Nc5 34. Rg7+ Kf8 35. Rxh7 Bxf6 36. Nxf6 Rb2 37. Kf3 Nd3 38. g4 Nxf2 39. Kf4 fxg4 40. hxg4 Rb4+ 41. Kg5 Ne4+ 42. Kxg6 Nxf6 43. Kxf6 Rb6+ 1/2-1/2

[Event "LADAC"]
[Site "?"]
[Date "1999.11.01"]
[Round "?"]
[White "Magallon Minguez Antonio (ESP"]
[Black "Mairal Carlos Alberto (ARG"]
[Result "1/2-1/2"]
[WhiteElo "2461"]
[BlackElo "2440"]
[PlyCount "35"]
[EventDate "1999.??.??"]
[Source "www.chesslib.no"]
[SourceDate "2004.05.04"]

1. d4 Nf6 2. c4 c5 3. d5 b5 4. cxb5 a6 5. bxa6 Bxa6 6. Nc3 g6 7. e4 Bxf1 8. Kxf1 d6 9. g3 Bg7 10. Kg2 O-O 11. Nf3 Nbd7 12. h3 Ra7 13. Re1 Qa8 14. Qc2 Rb8 15. b3 Ne8 16. Bb2 Nc7 17. Red1 Ra6 18. Rd2 1/2-1/2

[Event "Biel Credis"]
[Site "Biel"]
[Date "1996.??.??"]
[Round "10"]
[White "Pelletier, Yannick"]
[Black "Zueger, Beat"]
[Result "1-0"]
[WhiteElo "2440"]
[BlackElo "2460"]
[PlyCount "77"]
[EventDate "1996.07.22"]
[Source "ChessBase"]

1. d4 Nf6 2. c4 c5 3. d5 b5 4. cxb5 a6 5. bxa6 g6 6. Nc3 Bxa6 7. e4 Bxf1 8. Kxf1 d6 9. g3 Bg7 10. Kg2 O-O 11. Nf3 Nbd7 12. Re1 Ra6 13. Bg5 h6 14. Bxf6 Bxf6 15. Qd2 Bg7 16. Rac1 Qa8 17. Rc2 e6 18. Re2 Re8 19. h4 Nf6 20. dxe6 Rxe6 21. Qd3 Ra7 22. Re1 Ne8 23. Rce2 Bxc3 24. Qxc3 Rxa2 25. e5 Qd5 26. exd6 Rxe2 27. Rxe2 Nxd6 28. Rd2 Qc6 29. Kh2 Ra6 30. Qe3 Ne4 31. Rd8+ Kg7 32. Rb8 Ra7 33. b4 Ra2 34. bxc5 Rxf2+ 35. Kg1 Qf6 36. Rb3 Qa1+ 37. Ne1 Qa6 38. Qd4+ Kh7 39. Nd3 1-0

[Event "V Match Cina-Russia"]
[Site "Ningpo CINA"]
[Date "2008.09.20"]
[Round "3"]
[White "Huang Qian"]
[Black "Pogonina, N."]
[Result "0-1"]
[WhiteElo "2430"]
[BlackElo "2469"]
[PlyCount "106"]
[EventDate "2008.09.18"]
[Source "www.chesslib.no"]
[SourceDate "2004.05.04"]

1. d4 Nf6 2. c4 c5 3. d5 b5 4. cxb5 a6 5. bxa6 g6 6. Nc3 Bxa6 7. e4 Bxf1 8. Kxf1 d6 9. g3 Bg7 10. Kg2 O-O 11. Nf3 Nbd7 12. h3 Qb6 13. Re1 Rfb8 14. Re2 Qa6 15. Qc2 Ne8 16. Re1 Nc7 17. Bd2 Ne5 18. Nxe5 Bxe5 19. a4 Qb7 20. Ra2 Qb3 21. Qxb3 Rxb3 22. Nd1 Na6 23. Re3 Rb7 24. a5 Rab8 25. Bc3 Bxc3 26. Rxc3 Rb5 27. Rc4 Kf8 28. Kf3 e6 29. dxe6 fxe6 30. Ra3 Ke7 31. Raa4 Rf8+ 32. Kg2 d5 33. Rc2 d4 34. f4 e5 35. fxe5 Ke6 36. Nf2 Kxe5 37. Rac4 Rxa5 38. Nd3+ Kxe4 39. Nf4 Rb8 40. Re2+ Kf5 41. Rf2 Ke5 42. Re2+ Kd6 43. h4 Nc7 44. Kh3 Rb3 45. Rc1 Rab5 46. Rce1 d3 47. Rd2 c4 48. Rc1 R5b4 49. Rc3 Nd5 50. Nxd5 Kxd5 51. Rxb3 Rxb3 52. Kg4 Ke4 53. Rd1 Rxb2 0-1

[Event "UTD GM Invitational"]
[Site "Richardson USA"]
[Date "2007.12.10"]
[Round "7"]
[White "Kuljasevic, D."]
[Black "Bartholomew, J."]
[Result "1/2-1/2"]
[WhiteElo "2464"]
[BlackElo "2435"]
[PlyCount "51"]
[EventDate "2007.12.06"]
[Source "www.chesslib.no"]
[SourceDate "2004.05.04"]

1. d4 Nf6 2. c4 c5 3. d5 b5 4. cxb5 a6 5. bxa6 g6 6. Nc3 Bxa6 7. e4 Bxf1 8. Kxf1 d6 9. g3 Bg7 10. Kg2 O-O 11. Nf3 Nbd7 12. h3 Ra6 13. Re1 Qa8 14. Bf4 Rb8 15. Rb1 Nh5 16. Bd2 Ne5 17. Nxe5 Bxe5 18. a4 Nf6 19. b3 e6 20. Qf3 Rab6 21. dxe6 fxe6 22. Nb5 c4 23. Bf4 Rf8 24. Bh6 Rc8 25. Qe3 Nd7 26. Rbc1 1/2-1/2

[Event "XIX Czech Chladek & Tintera A Open"]
[Site "Pardubice CEC"]
[Date "2008.07.23"]
[Round "6"]
[White "Akesson, R."]
[Black "Pinchuk, S."]
[Result "1-0"]
[WhiteElo "2481"]
[BlackElo "2413"]
[PlyCount "74"]
[EventDate "2008.07.18"]
[Source "www.chesslib.no"]
[SourceDate "2004.05.04"]

1. d4 Nf6 2. c4 c5 3. d5 b5 4. cxb5 a6 5. bxa6 g6 6. Nc3 Bxa6 7. e4 Bxf1 8. Kxf1 d6 9. g3 Bg7 10. Kg2 O-O 11. Nf3 Nbd7 12. Re1 Qb6 13. h3 Rfb8 14. e5 dxe5 15. Nxe5 Nxe5 16. Rxe5 Qb7 17. Qf3 Rd8 18. a4 Ra6 19. Re2 h6 20. Ra3 c4 21. Rd2 Nd7 22. Qe4 Ne5 23. Re2 Nd3 24. Bd2 Nxb2 25. Ra2 Qb3 26. Qxe7 Rad6 27. a5 Bxc3 28. Bxc3 Qxc3 29. Rexb2 Qd4 30. Rd2 Qc5 31. a6 c3 32. Rd4 c2 33. a7 c1=Q 34. a8=Q Qc7 35. Qa7 R6d7 36. Qxc7 Qxc7 37. Qe4 Qc8 1-0

[Event "Ch team"]
[Site "?"]
[Date "2001.??.??"]
[Round "8"]
[White "Jakab Attila"]
[Black "Chernin Alexander"]
[Result "0-1"]
[WhiteElo "2308"]
[BlackElo "2583"]
[PlyCount "60"]
[EventDate "2001.??.??"]
[Source "www.chesslib.no"]
[SourceDate "2004.05.04"]

1. d4 Nf6 2. c4 c5 3. d5 b5 4. cxb5 a6 5. bxa6 g6 6. Nc3 Bxa6 7. e4 Bxf1 8. Kxf1 d6 9. g3 Bg7 10. Kg2 O-O 11. Nge2 Qb6 12. Qc2 Na6 13. Rd1 Rfb8 14. a4 Qb3 15. Qxb3 Rxb3 16. Ra3 Rb4 17. f3 Nc7 18. b3 Nd7 19. Bd2 f5 20. exf5 gxf5 21. Nf4 Rxf4 22. gxf4 Bxc3 23. Bxc3 Nb5 24. axb5 Rxa3 25. Ra1 Rxb3 26. Ra7 Nb6 27. Ba5 Nxd5 28. Rb7 Kf7 29. Kg3 c4 30. Rb8 c3 0-1

[Event "Leipzig"]
[Site "Leipzig"]
[Date "1981.??.??"]
[Round "4"]
[White "Knaak, Rainer"]
[Black "Schoeneberg, Manfred"]
[Result "1-0"]
[WhiteElo "2495"]
[BlackElo "2390"]
[PlyCount "81"]
[EventDate "1981.??.??"]
[Source "www.chesslib.no"]
[SourceDate "2004.05.04"]

1. d4 Nf6 2. c4 c5 3. d5 b5 4. cxb5 a6 5. bxa6 Bxa6 6. Nc3 g6 7. e4 Bxf1 8. Kxf1 d6 9. g3 Bg7 10. Kg2 O-O 11. Nf3 Nbd7 12. h3 Qb6 13. Re1 Rfb8 14. Re2 Ne8 15. Bg5 Ne5 16. Nxe5 Bxe5 17. f4 Bg7 18. Bxe7 f6 19. e5 fxe5 20. fxe5 Bxe5 21. Qd3 Qc7 22. Bg5 c4 23. Qd2 Ng7 24. Rf1 Nf5 25. Bf4 Bg7 26. g4 Nd4 27. Re4 Nb5 28. Rf2 Nxc3 29. bxc3 Qa5 30. Bxd6 Bxc3 31. Qe2 Rc8 32. Qf3 Bg7 33. Re7 Qc3 34. Qf7+ Kh8 35. Be5 Qxe5 36. Rxe5 Bxe5 37. d6 Rd8 38. d7 c3 39. Re2 Rf8 40. Qd5 c2 41. Qxe5+ 1-0

[Event "Corr"]
[Site "?"]
[Date "2000.??.??"]
[Round "?"]
[White "Amorim Douglas Airton Ferr"]
[Black "Cano de Meio Gustavo Roman"]
[Result "1-0"]
[WhiteElo "2411"]
[BlackElo "2470"]
[PlyCount "51"]
[EventDate "2000.??.??"]
[Source "www.chesslib.no"]
[SourceDate "2004.05.04"]

1. d4 Nf6 2. c4 c5 3. d5 b5 4. cxb5 a6 5. bxa6 Bxa6 6. Nc3 d6 7. e4 Bxf1 8. Kxf1 g6 9. g3 Bg7 10. Kg2 O-O 11. Nf3 Nbd7 12. Re1 Ng4 13. Nd2 Nge5 14. Qe2 h5 15. f4 Ng4 16. h3 Nh6 17. a4 Qa5 18. g4 hxg4 19. hxg4 f6 20. Nc4 Qd8 21. Bd2 Nb6 22. Ne3 Nd7 23. Rh1 Qc8 24. Rh3 Nf7 25. Rah1 Qb7 26. b3 1-0

[Event "Budapest 71/170"]
[Site "Budapest"]
[Date "1998.??.??"]
[Round "5"]
[White "Labahn, Wolfgang"]
[Black "Eifler, Nele"]
[Result "1/2-1/2"]
[WhiteElo "2570"]
[BlackElo "2310"]
[PlyCount "120"]
[EventDate "1998.??.??"]
[Source "www.chesslib.no"]
[SourceDate "2004.05.04"]

1. d4 Nf6 2. c4 c5 3. d5 b5 4. cxb5 a6 5. bxa6 Bxa6 6. Nc3 d6 7. e4 Bxf1 8. Kxf1 g6 9. g3 Bg7 10. Kg2 O-O 11. Nge2 Nbd7 12. Qc2 Ra6 13. Rd1 Qa8 14. a3 Rb8 15. Rb1 Rab6 16. a4 Rb3 17. Bd2 Ne5 18. Nc1 c4 19. Bf4 R3b4 20. Bxe5 dxe5 21. N1a2 Rb3 22. Nc1 R3b4 23. Qe2 Rc8 24. d6 exd6 25. Rxd6 Qb8 26. Rd1 h5 27. N1a2 Rb3 28. Nb5 Qa8 29. Nac3 Bf8 30. Rbc1 Bb4 31. Kg1 Bxc3 32. Nxc3 Kg7 33. Rc2 Qb7 34. Rd6 Rb8 35. Rdd2 Qc6 36. f3 h4 37. Kg2 hxg3 38. hxg3 Rh8 39. Nd1 Qe6 40. Nf2 Rb4 41. Rd1 Rxa4 42. Rdc1 Qb6 43. Rxc4 Rxc4 44. Rxc4 Ra8 45. Qd2 Ra1 46. Rc1 Ra2 47. Nd3 Qb8 48. Qc3 Nd7 49. Nb4 Ra4 50. Nd5 Rd4 51. Rc2 Nf6 52. Ne3 Qa8 53. Nc4 Rd1 54. Rc1 Rxc1 55. Qxc1 Qc6 56. Qc3 Qb5 57. Nxe5 Qe2+ 58. Kg1 Kg8 59. g4 Nh7 60. f4 Qxe4 1/2-1/2

[Event "Timisoara"]
[Site "Timisoara"]
[Date "1987.??.??"]
[Round "?"]
[White "Przewoznik, Jan"]
[Black "Nun, Jiri"]
[Result "0-1"]
[WhiteElo "2430"]
[BlackElo "2445"]
[PlyCount "102"]
[EventDate "1987.05.??"]
[Source "www.chesslib.no"]
[SourceDate "2004.05.04"]

1. d4 Nf6 2. c4 c5 3. d5 b5 4. cxb5 a6 5. bxa6 Bxa6 6. Nc3 d6 7. e4 Bxf1 8. Kxf1 g6 9. g3 Bg7 10. Kg2 O-O 11. Nf3 Nbd7 12. Re1 Ng4 13. h3 Nge5 14. Nxe5 Nxe5 15. f4 Nd7 16. Qc2 Qb6 17. Re2 Rfb8 18. Be3 Qxb2 19. Qxb2 Rxb2 20. Rxb2 Bxc3 21. Bc1 f5 22. exf5 gxf5 23. Rab1 Bxb2 24. Rxb2 Nf6 25. Rd2 Ra5 26. Kf3 h5 27. Ke3 Ne4 28. Rg2 Nc3 29. a3 Nxd5+ 30. Kd3 Ra4 31. Kc2 Kf7 32. Kb3 Nb6 33. g4 hxg4 34. hxg4 fxg4 35. Rxg4 Rd4 36. Rg3 Ke6 37. Re3+ Kd7 38. f5 Rd1 39. Bb2 Rb1 40. Rf3 Na4 41. Kxa4 Rxb2 42. Ka5 Rb8 43. Ka6 Kc6 44. Ka7 Rb7+ 45. Ka6 Rb6+ 46. Ka7 Rb5 47. Ka6 c4 48. a4 Rc5 49. Rc3 d5 50. f6 exf6 51. Rf3 Kc7 0-1